000 00808nam a22002177a 4500
999 _c442363
_d442363
003 UA-OsUOA
005 20191002093055.0
008 190930b un ||||| |||| 00| 0 ukr d
040 _aUA-OsUOA
_bukr
_cUA-OsUOA
_dUA-OsUOA
041 _aukr
080 _a821.161.2
090 _a821.161.2
_bФ75
100 _aФольварочний В.
245 _aЗемля Жижиянових правнуків
_bдокументальна повість
_cВасиль Фольварочний
260 _aКиїв
_bДніпро
_c1980
300 _a110 с.
856 4 0 _yКлацніть тут для перегляду онлайн
942 _2udc
_cBK
955 _a3